1906 1203 1835 1911 1979 1962 1712 1487 1310 1995 1701 1566 1044 1219 1341 1173 1707 1023 1606 1231 1903 1536 1281 1844 1346 1134 1015 1272 1212 1430 1062 1801 1979 1310 1759 1168 1734 1276 1728 1607 1958 1119 1442 1034 1883 1208 1066 1713 1834 1630 1564 1253 1502 1312 1649 1303 1660 1580 1814 1757 1078 1641 1976 1190 1377 1401 1618 1238 1184 1349 1469 1440 1074 1231 1635 1585 1955 1859 1580 1738 1870 1898 1794 1607 1686 1812 1609 1284 1272 1572 1505 1621 1381 1389 1529 1918 1266 1886 1952 BCNSPRNW ULIB Ver.6.0+V

เปลี่ยนเป็นภาษาไทย

Change to English
 แสดงรายละเอียดบรรณานุกรม
  กลับหน้าหลัก

Brief Record : Get Marc (ISO 2709) : E-mail record : QR code < ปิดหน้าต่าง
LEADER : 00000nam 2200000uu 4500
001    13399123644
003     ULIB
008    141030s2556||||th 000 0 tha d
020    ^a9786167287942
060  4 ^aWH170^bด428ธ
100 0  ^aดารินทร์ ซอโสตถิกุล
245 10 ^aธาลัสซีเมียในเด็ก /^cดารินทร์ ซอโสตถิกุล ; บรรณาธิการ ชิษณุ พันธุ์เจริญ, ปัญญา เสกสรรค์
260    ^aกรุงเทพฯ :^bภาพพิมพ์,^c2556
300    ^a95 หน้า :^bภาพประกอบ
650  7 ^aธาลัสซีเมีย^xในวัยทารกและเด็ก
700 0  ^aชิษณุ พันธุ์เจริญ,^eบรรณาธิการ
700 0  ^aปัญญา เสกสรรค์,^eบรรณาธิการ
945    ^p120^l0^i036434
945    ^p120^l0^i036435
945    ^p120^l0^i036436
945    ^p120^l0^i036437
945    ^p120^l0^i036438
945    ^p120^l0^i036439
945    ^p120^l0^i036440
945    ^p120^l0^i036441
999    ^aทศพร
รายการนี้ยังไม่มีแท็ก
คุณยังไม่ได้ล็อกอิน คุณสามารถมีกิจกรรมร่วมกับเว็บไซต์ได้ แต่ต้องล็อกอินก่อน ::
  ล็อกอิน

รายการสื่อสารสนเทศ

ลำดับที่ ประเภท เลขเรียก/บาร์โค้ด สถานที่ สถานะ
1. วิทยาศาสตร์การแพทย์ และสุขภาพ
หนังสือสำรอง
สถานะ=หนังสือสำรอง
WH170 ด428ธ ฉ.1 
  Barcode: 036434
ห้องสมุดวิทยาเขตสวรรค์ประชารักษ์
►ส่วนจัดเก็บหนังสือเก่า สปร
บนชั้น
  ขอยืม
2. วิทยาศาสตร์การแพทย์ และสุขภาพ
วิทยาศาสตร์การแพทย์ และสุขภาพ
WH170 ด428ธ ฉ.2 
  Barcode: 036435
ห้องสมุดวิทยาเขตสวรรค์ประชารักษ์
►ส่วนจัดเก็บหนังสือเก่า สปร
บนชั้น
  ขอยืม
3. วิทยาศาสตร์การแพทย์ และสุขภาพ
วิทยาศาสตร์การแพทย์ และสุขภาพ
WH170 ด428ธ ฉ.3 
  Barcode: 036436
ห้องสมุดวิทยาเขตสวรรค์ประชารักษ์
►ส่วนจัดเก็บหนังสือเก่า สปร
บนชั้น
  ขอยืม
4. วิทยาศาสตร์การแพทย์ และสุขภาพ
วิทยาศาสตร์การแพทย์ และสุขภาพ
WH170 ด428ธ ฉ.4 
  Barcode: 036437
ห้องสมุดวิทยาเขตสวรรค์ประชารักษ์
►ส่วนจัดเก็บหนังสือเก่า สปร
บนชั้น
  ขอยืม
5. วิทยาศาสตร์การแพทย์ และสุขภาพ
วิทยาศาสตร์การแพทย์ และสุขภาพ
WH170 ด428ธ ฉ.5 
  Barcode: 036438
ห้องสมุดวิทยาเขตสวรรค์ประชารักษ์
►ส่วนจัดเก็บหนังสือเก่า สปร
บนชั้น
  ขอยืม
6. วิทยาศาสตร์การแพทย์ และสุขภาพ
วิทยาศาสตร์การแพทย์ และสุขภาพ
WH170 ด428ธ ฉ.6 
  Barcode: 036439
ห้องสมุดวิทยาเขตสวรรค์ประชารักษ์
►ส่วนจัดเก็บหนังสือเก่า สปร
บนชั้น
  ขอยืม
7. วิทยาศาสตร์การแพทย์ และสุขภาพ
วิทยาศาสตร์การแพทย์ และสุขภาพ
WH170 ด428ธ ฉ.7 
  Barcode: 036440
ห้องสมุดวิทยาเขตสวรรค์ประชารักษ์
►ส่วนจัดเก็บหนังสือเก่า สปร
บนชั้น
  ขอยืม
8. วิทยาศาสตร์การแพทย์ และสุขภาพ
วิทยาศาสตร์การแพทย์ และสุขภาพ
WH170 ด428ธ ฉ.8 
  Barcode: 036441
ห้องสมุดวิทยาเขตสวรรค์ประชารักษ์
►ส่วนจัดเก็บหนังสือเก่า สปร
บนชั้น
  ขอยืม

รายการใกล้เคียง
    ผู้แต่ง [ดารินทร์ ซอโสตถิกุล]

BibComment


ยังไม่เคยถูกคอมเมนท์

คอมเมนท์ทรัพยากรรายการนี้
  คอมเมนท์: ธาลัสซีเมียในเด็..


 Copyright 2026. Bcnsprnw @Library